Statistiques concernant Pokémon Sauvages(Alola Mele-Mele SL)

Cliquez ici pour prendre le quiz!

Statistiques générales

  • Ce quiz a été pris 10 fois
  • Le résultat moyen est 96 sur 154

Statistiques - réponses

LieuxPokémon% Correct
(tas de baies)Crabagarre
100%
zone commercialeAbra
80%
Chenipan
80%
Chrysacier
80%
Corayon
80%
Draby
80%
Écayon
80%
Cimetière d'EkaekaFantominus
80%
(renfort)Léviator
80%
Lovdisc
80%
Caldeira ToutofonMachoc
80%
(pêche)Magicarpe
80%
Manglouton
80%
(sur l'eau) | Colline Dicarat | Grotte Verdoyante | Grotte VerlamerNosferapti
80%
(pokémon volants) | Route 3/zone 1 | zone 2 | zone 3Piafabec
80%
Route 1/ zone 1et 2Picassaut
80%
Barloche
60%
Baudrive
60%
Bombydou
60%
((pendant la quête de Beladonis) LCancrelove
60%
Caninos
60%
Drackhaus
60%
(renfort)Drattak
60%
Férosinge
60%
Feuforêve
60%
(renfort)Flagadoss
60%
SFuraiglon
60%
Goélise
60%
(Scanner des Îles Mercredi)Hypotrempe
60%
Kokiyas
60%
Larvibule
60%
École des DresseursMagnéti
60%
Miaouss d'Alola
60%
(pendant la quête de Beladonis) SMouscoto
60%
Papilusion
60%
Pichu
60%
(renfort)Pikachu
60%
Plumeline style Pom-Pom
60%
Queulorior
60%
Ramoloss
60%
Rattata d'Alola
60%
Rocabot
60%
Strassie
60%
Tadmorv d'Alola
60%
Taupiqueur d'Alola
60%
(renfort)Ténéfix
60%
Ruines du ConflitTokorico
60%
Vorastérie
60%
LVostourno
60%
Barbicha
40%
Cadoizo
40%
LChlorobule
40%
Coxy
40%
SDoudouvet
40%
Froussardine
40%
(Scanner des Îles Samedi)Funécire
40%
(Scanner des Îles Vendredi)Germignon
40%
Goinfrex
40%
(Scanner des Îles Dimanche)Héricendre
40%
(Scanner des Îles Lundi)Kaiminus
40%
Makuhita
40%
Manzaï
40%
Mimigal
40%
(après la quête des Ultra-Chimères)Necrozma
40%
Nodulithe
40%
Psykokwak
40%
Ptiravi
40%
Ronflex
40%
(renfort)Simularbre
40%
(Scanner des Îles Mardi)Solochi
40%
Soporifik
40%
Spinda
40%
(sur l'eau) | Ekaeka/ plage(sur l'eau) | Mer de Mele-Mele(sur l'eau)Tentacool
40%
(Scanner des Îles Jeudi)Tic
40%

Distribution des résultats

Percentile par nombre de réponses

% des personnes avec chaque résultat

Votre développement - résultats

Vous n’avez pas pris ce quiz